| 000 | 01274nam a2200385Ia 4500 | ||
|---|---|---|---|
| 001 | dia_1262 | ||
| 003 | CHAP | ||
| 005 | 20240822090737.0 | ||
| 007 | ta | ||
| 008 | 220117s1978 mx ado frm 001 0 spa d | ||
| 010 | _a171804 | ||
| 020 | _a968-6046-10-0 | ||
| 040 |
_cCHAP _amxchpua |
||
| 041 |
_aspa _heng |
||
| 050 | 1 |
_aQD75.2 _b.E95 1978 |
|
| 082 |
_a543.08 _bE95 1978 _220 |
||
| 100 | 1 |
_aEwing, Galen W. _9150386 |
|
| 240 | 1 | 0 |
_aInstrumental methods of chemical analysis. _lEspañol |
| 245 | 1 | 0 |
_aMétodos instrumentales de análisis químicos / _cGalen W. Ewing ; traductora Eva Estrada Meza |
| 264 |
_aMéxico : _bMcGraw-Hill, _c1978 |
||
| 300 |
_a592 páginas : _bilustraciones, gráficas, tablas, fotos |
||
| 336 |
_2rdacontent _atexto _btxt |
||
| 337 |
_2rdamedia _ano mediado _bn |
||
| 338 |
_2rdacarrier _avolumen _bnc |
||
| 504 | _aIncluye bibliografías | ||
| 650 | 1 | 3 |
_aAparatos químicos _9139410 _2atg |
| 650 | 1 | 3 |
_aQuímica analítica _993582 _2atg |
| 650 | 1 | 3 |
_aChemical apparatus _9150387 _2atg |
| 650 | 1 | 3 |
_aChemistry, Analytic _9150388 _2atg |
| 700 | 1 |
_aEstrada Meza, Eva _9150389 _etraductora |
|
| 901 | _a543.08 E95 1978 | ||
| 902 | _aM | ||
| 905 | _a5232271978 MX admn8222223322SPA16 | ||
| 942 |
_cLIBRO _2ddc |
||
| 999 |
_c171804 _d171804 |
||